| 000 | 00768nam a22001577a 4500 | ||
|---|---|---|---|
| 003 | OSt | ||
| 005 | 20151024150728.0 | ||
| 008 | 151024b xxu||||| |||| 00| 0 eng d | ||
| 040 | _cRUA | ||
| 082 | _aAVM MUO 2013 B105 Or.1 | ||
| 100 |
_92806 _aMOUNG, SAMNANG. |
||
| 245 | _aEffect of pirantel and albendazole on the gastro-in tesinal patasites of calf in kien svay districr, kandalprovince, ប្រសិទ្ធភាព PIRANTEL និង ALBENDZOLE ក្នុងការទម្លាក់បរាសិតខាងក្នុងក្រពះ ពោះវៀនគោ នៅក្នុងស្រុកកៀនស្វាយ ខេត្តកណ្តាល. | ||
| 260 |
_aphnom phen _bRUA _c2013 |
||
| 300 |
_aX,60p. _bill. _c29cm. |
||
| 942 |
_2ddc _cAVM |
||
| 999 |
_c2627 _d2627 |
||